Suma católica contra los sindiós

Guardat en:
Dades bibliogràfiques
Autor principal: Kologrivof, Ivon (Autor)
Format: Llibre
Idioma:espanyol
Publicat: Barcelona Editorial Litúrgica Española 1943
Matèries:
Etiquetes: Afegir etiqueta
Sense etiquetes, Sigues el primer a etiquetar aquest registre!

MARC

LEADER 00000nam a2200000 a 4500
001 UCQ2181
003 CL-VaPUC
008 980721e19430000SP |||||||||||||||||spa|d
082 0 4 |a 261.5  |b KOL  |2 21 
100 0 |a Kologrivof, Ivon  |e author  |9 416131 
245 1 0 |a Suma católica contra los sindiós 
300 |a 539 p 
942 |c BK 
945 |d 19980721 00:00:00  |a aalvarez 
260 |a Barcelona  |b Editorial Litúrgica Española  |c 1943 
650 0 |a Catolicismo  |9 258690 
650 0 |a Cristianismo  |9 257361 
583 |a last modification  |c 19980721 00:00:00  |k Rodrigo Vera 
999 |c 273020  |d 273018 
952 |0 0  |1 0  |4 0  |6 261_500000000000000_KOL_1943  |7 0  |8 P  |9 308270  |a BIBTEO  |b BIBTES  |c TEO_FTES  |d 2019-11-20  |i 3383342  |o 261.5 KOL 1943  |p 3383342  |r 2024-01-18  |w 2019-11-20  |y BK  |k ICR